|
|
|
|
| LEADER |
00000nab a2200000 ar4500 |
| 001 |
vtls009007943 |
| 003 |
SK-MaSNL |
| 005 |
20260303065503.0 |
| 008 |
070720c1976 xo mr|||||||||000 b|slo |
| 015 |
|
|
|a SNKBUCL2007/07
|2 snkbucl
|
| 038 |
|
|
|a SNKBUCL
|
| 040 |
|
|
|a SNKBUCL
|b slo
|c SNKBUCL
|e AACR2
|
| 041 |
0 |
|
|a slo
|
| 044 |
|
|
|a xo
|c SK
|
| 080 |
|
|
|a 796.322.093.1
|x (100)
|2 2001
|
| 100 |
1 |
|
|a Jašek, Zdeno
|4 aut
|9 279476
|
| 245 |
1 |
0 |
|a Olympijské konfrontácie
|b (olympijský turnaj v hádzanej)
|c Zdeno Jašek
|
| 300 |
|
|
|b Obr.
|
| 650 |
0 |
7 |
|a hádzaná
|2 snkbucl
|9 3292
|
| 773 |
0 |
|
|t Štart
|g Roč. 21, č. 17 (1976), s. 20-21
|
| 852 |
|
|
|a SNK
|b KIS3GCP
|
| 999 |
|
|
|c 1751374
|d 1753304
|